000 00741nam a2200253Ia 4500
003 OSt
005 20220927105419.0
006 a|||||r|||| 00| 0
007 ta
008 220926b |||||||| |||| 00| 0 eng d
024 _a174826
037 _cReference Collections
040 _aRTL
_cRTL
_beng
041 _2eng
_aeng
082 _a"V2, 31p. N93, N3.166-3/GD"
110 _a"INDIA, RAJYA SABHA."
_9372312
245 0 _aRajya Sabha
_b Official Report.
260 _aNew
_bDelhi Lok Sabha Secretariat India
_c1993
300 _a218p.
_ccm.
490 _v166 Vol. no.3
700 _a"INDIA, RAJYA SABHA."
_9372313
942 _h"V2, 31p. N93, N3.166-3/GD"
_cCC
999 _c692419
_d692419